Country's Names, but in Polish - Statistics

General Stats
  • This quiz has been taken 57 times
  • The average score is 12 of 15
Answer Stats
Hint Answer % Correct
Jordania Jordan
100%
Białoruś Belarus
94%
Grecja Greece
94%
Słowacja Slovakia
94%
Hiszpania Spain
94%
Maroko Morocco
92%
Szwecja Sweden
90%
Dżibuti Djibouti
83%
Szwajcaria Switzerland
79%
Liban Lebanon
77%
Niemcy Germany
75%
Stany Zjednoczone Ameryki The United States of America
73%
Chorwacja Croatia
62%
Węgry Hungary
62%
Włochy Italy
60%
No matching quizzes found
Score Distribution
Percent of People with Each Score
Percentile by Number Answered
Your Score History
You have not taken this quiz